Voyage en Chine du capitaine Montfort (Record no. 22519)

MARC details
000 -LEADER
fixed length control field 00833cam a22002291 4500
001 - CONTROL NUMBER
control field f 01001055
003 - CONTROL NUMBER IDENTIFIER
control field DLC
005 - DATE AND TIME OF LATEST TRANSACTION
control field 20260227111239.0
008 - FIXED-LENGTH DATA ELEMENTS--GENERAL INFORMATION
fixed length control field 790824s1854 fr 000 1 fre
010 ## - LIBRARY OF CONGRESS CONTROL NUMBER
LC control number f 01001055
035 ## - SYSTEM CONTROL NUMBER
System control number (OCoLC)5309145
040 ## - CATALOGING SOURCE
Original cataloging agency DLC
Transcribing agency CU-S
Modifying agency DLC
042 ## - AUTHENTICATION CODE
Authentication code premarc
050 00 - LIBRARY OF CONGRESS CALL NUMBER
Classification number DS709
Item number .H83
100 1# - MAIN ENTRY--PERSONAL NAME
Personal name Hounau, Joachim,
Dates associated with a name 1824?-
245 10 - TITLE STATEMENT
Title Voyage en Chine du capitaine Montfort
Remainder of title avec un appendice historique sur les derniers événements
Statement of responsibility, etc. par Georges Bell [pseud.]
260 ## - PUBLICATION, DISTRIBUTION, ETC.
Place of publication, distribution, etc. Paris,
Name of publisher, distributor, etc. V. Lecou,
Date of publication, distribution, etc. 1854.
300 ## - PHYSICAL DESCRIPTION
Extent 360 p.
Dimensions 19 cm.
500 ## - GENERAL NOTE
General note Imaginary voyage? Dedication signed "Montfort", and the "Voyage en Chine" written (in the first person) apparently by him (a fictitious person?)
500 ## - GENERAL NOTE
General note "Appendice" signed: Georges Bell.
651 #0 - SUBJECT ADDED ENTRY--GEOGRAPHIC NAME
Geographic name China
General subdivision Description and travel.

No items available.

Powered by Koha